Statistics for White House Communications Directors by Picture

Click here to take the quiz!

General Stats

  • This quiz has been taken 3 times
  • The average score is 4 of 22

Answer Stats

Answer% Correct
Pat Buchanan
100%
Hope Hicks
50%
Anthony Scaramucci
50%
Sean Spicer
50%
Jen Psaki
50%
George Stephanopoulos
50%
David Gergen
50%
Herb Klein
0%
Kevin Sullivan
0%
Jennifer Palmieri
0%
Daniel Pfeiffer
0%
Anita Dunn
0%
Dan Bartlett
0%
Nicole Wallace
0%
Karen Hughes
0%
Ann Lewis
0%
Mark Gearan
0%
Margaret Tutwiler
0%
Mari Maseng
0%
Tom Griscom
0%
Gerald Rafshoon
0%
Stephanie Grisham
0%

Score Distribution

Percentile by Number Answered

Percent of People with Each Score

Your Score History

You have not taken this quiz